Catalog

Record Details

Catalog Search



Squaty a jejich revoluční tendence  Cover Image Book Book

Squaty a jejich revoluční tendence / Vlastimil Růžička

Record details

  • ISBN: 978-80-7254-859-0
  • Physical Description: 207 s., [8] s. barev. obr. příl. : il., portréty, faksim. ; 21 cm
  • Edition: Vyd. 1.
  • Publisher: Praha : Triton, 2007

Content descriptions

Bibliography, etc. Note:
Obsahuje bibliografii a bibliografické odkazy
Subject: squatting > Česko
squaty > Česko
squatteři > Česko
squatting > Czechia
squats > Czechia
squatters > Czechia
Genre: studie
studies

Available copies

  • 1 of 1 copy available at Common Catalog SPOK.

Holds

  • 0 current holds with 1 total copy.
Show Only Available Copies
Location Call Number / Copy Notes Barcode Shelving Location Status Due Date
Jabok Library Soc-1.4/R 424480022393 Odborná literatura Available -

Electronic resources

Version of Resource: Digitalizovaný dokument


LDR 01525nam a2200433 a 4500
00112343
003CZ-PrJAB
00520190724094708.0
007ta
008070116s2007 xr achff 000 0 cze
015 . ‡acnb001705139
020 . ‡a978-80-7254-859-0 ‡q(váz.) ‡z80-7254-859-X
035 . ‡a(CZ PrNK)nkc20071705139
035 . ‡a(OCoLC)137330040
040 . ‡aABA001 ‡bcze
043 . ‡ae-xr---
072 7. ‡a316.4 ‡xSociální procesy ‡2Konspekt ‡918
080 . ‡a316.48:365.262.6 ‡2MRF
080 . ‡a365.262.6 ‡2MRF
080 . ‡a[316.48:365.262.6]-051 ‡2MRF
080 . ‡a(437.3) ‡2MRF
080 . ‡a(048.8) ‡2MRF
1001 . ‡aRůžička, Vlastimil, ‡d1964- ‡7mzk2007385918 ‡4aut
24510. ‡aSquaty a jejich revoluční tendence / ‡cVlastimil Růžička
250 . ‡aVyd. 1.
260 . ‡aPraha : ‡bTriton, ‡c2007
300 . ‡a207 s., [8] s. barev. obr. příl. : ‡bil., portréty, faksim. ; ‡c21 cm
504 . ‡aObsahuje bibliografii a bibliografické odkazy
65007. ‡asquatting ‡7ph397766 ‡zČesko ‡2czenas
65007. ‡asquaty ‡7ph397764 ‡zČesko ‡2czenas
65007. ‡asquatteři ‡7ph397765 ‡zČesko ‡2czenas
65009. ‡asquatting ‡zCzechia ‡2eczenas
65009. ‡asquats ‡zCzechia ‡2eczenas
65009. ‡asquatters ‡zCzechia ‡2eczenas
655 7. ‡astudie ‡7fd133597 ‡2czenas
655 9. ‡astudies ‡2eczenas
85641. ‡uhttp://krameriusndk.nkp.cz/search/handle/uuid:a0ca6630-7731-11e5-99af-005056827e52 ‡yDigitalizovaný dokument
910 . ‡aABG312
995 . ‡aska
901 . ‡a12343 ‡bUnknown ‡c12343 ‡tbiblio

Additional Resources